|
|
|
|
| LEADER |
01903nkm a2200385 a 4500 |
| 001 |
mzk03001060518 |
| 003 |
CZ BrMZK |
| 005 |
20110913085236.0 |
| 007 |
kj bo| |
| 008 |
080226s1702 fr ||| f || k|freod |
| 040 |
|
|
|a BOA001
|b cze
|
| 072 |
|
7 |
|a 76
|x Grafické umění. Grafika
|2 Konspekt
|9 21
|
| 080 |
|
|
|a (0.026.6)76
|2 MRF
|
| 080 |
|
|
|a 912.43:069.5
|2 MRF
|
| 100 |
1 |
|
|a Sanson, Guillaume,
|d 1633-1703
|7 mzk2008434291
|4 aut
|
| 245 |
1 |
4 |
|a [La Souabe
|h [grafika] :
|b ou sont les Estats et Souverainetés Ecclesiastiques, Laiques, et Villes Imperiales qui Composent le Cercle de Souabe, et plusieurs Estats du Cercle et a la Maison d'Austriche Situés dans la Souabe].
|n 62,
|p Le Cercle de Souabe comprend vn grand nombre de differens Estats /
|c Par le S. Sanson Geogr. ord. du Roy. L. Cordier sculp.
|
| 246 |
3 |
0 |
|a Cercle de Souabe comprend vn grand nombre de differens Estats
|h [grafika]
|
| 260 |
|
|
|a A Paris :
|b Chez l'Auter aux Galleries du Louure, avecq. privilege, pour Vingt ans,
|c 1702
|
| 300 |
|
|
|a 1 grafický list :
|b mědirytina ;
|c 59 x 41 cm
|
| 500 |
|
|
|a Grafické znázornění rozdělení území (od územních celků po města)
|
| 500 |
|
|
|a List patří k celku uloženému uložené pod signaturou Moll-0005.573,1 až Moll-0005.573,3
|
| 510 |
4 |
|
|a Kuchař, K. Mapová sbírka B.P. Molla,
|c s. 435
|
| 655 |
|
7 |
|a grafické listy
|7 fd132404
|2 czenas
|
| 650 |
0 |
4 |
|a Mollova mapová sbírka
|
| 650 |
0 |
7 |
|a mapové sbírky
|z Česko
|7 ph182407
|2 czenas
|
| 610 |
2 |
7 |
|a Moravská zemská knihovna (Brno, Česko).
|b Mapová sbírka B.P. Molla
|7 mzk2005304487
|2 czenas
|
| 700 |
1 |
|
|a Cordier, Louis,
|d -1711
|7 mzk2009532778
|4 egr
|
| 856 |
4 |
1 |
|u http://mapy.mzk.cz/mzk03/001/060/518/2619268367
|y Digitalizovaný dokument
|
| 903 |
|
|
|a RP
|
| 910 |
|
|
|a BOA001
|b Moll-0005.573,2
|
| 978 |
|
|
|b Sanson, Guillaume
|a Paris
|c 1702
|
| 984 |
|
|
|a Paříž
|b Francie
|
| 985 |
|
|
|a 1701-1750
|
| 990 |
|
|
|a GP
|
| 991 |
|
|
|k mzk
|